Správne držanie tela a ergonómia trochu inak, ako prevencia problémov pohybového aparátu

Na minha lista:
Detalhes bibliográficos
Autor principal: Kalečíková, Mária, 1960-
Formato: Capítulo de Livro
Idioma:eslovaco
Assuntos:
Tags: Adicionar Tag
Sem tags, seja o primeiro a adicionar uma tag!

MARC

LEADER 00000naa$a2200000$$$4500
001 0306546
005 20250127122218.1
041 0 |a slo 
044 |a SK 
245 1 0 |a Správne držanie tela a ergonómia trochu inak, ako prevencia problémov pohybového aparátu  |c Mária Kalečíková 
500 |a Abstrakt 
610 2 0 |a prostredie pracovné 
610 2 0 |a zdravie 
610 2 0 |a starostlivosť o zdravie 
610 2 0 |a šport 
100 1 |a Kalečíková, Mária, 1960-